Land use change in England (Record no. 105145)

MARC details
000 -LEADER
fixed length control field 01362cam a2200193 4500
001 - CONTROL NUMBER
control field ##L132477
008 - FIXED-LENGTH DATA ELEMENTS--GENERAL INFORMATION
fixed length control field 060213n2006 000 0 eng u
035 ## - SYSTEM CONTROL NUMBER
System control number (Sirsi) u132477
041 0# - LANGUAGE CODE
Language code of text/sound track or separate title eng
050 04 - LIBRARY OF CONGRESS CALL NUMBER
Classification number 333.715 $2 18
110 1# - MAIN ENTRY--CORPORATE NAME
Corporate name or jurisdiction name as entry element United Kingdom
Subordinate unit Office of the Deputy Prime Minister
245 00 - TITLE STATEMENT
Title Land use change in England
Remainder of title residential development to 2004 - January update
260 ## - PUBLICATION, DISTRIBUTION, ETC.
Place of publication, distribution, etc. London
Name of publisher, distributor, etc. ODPM
Date of publication, distribution, etc. 2006
520 ## - SUMMARY, ETC.
Summary, etc. Provides a January 2006 update of data on residential development in England including the 2004 estimate of the proportion of new building built on previously-developed land and average densities of new dwellings. Key results were: 72% of new buildings were built on previously-developed land, including conversions, in 2004 compared with 70% in 2003 and 67% in 2002 and new dwellings were built in 2004 at an average density of 40 dwellings per hectare up on 34 in 2003 and 25 in 2002. Information is also presented regionally. The statistics are based on changes in land use recorded for the ODPM by Ordnance Survey during their map revision work up to the first nine months of 2005.
590 ## - LOCAL NOTE (RLIN)
Local note IKA140206
690 ## - LOCAL SUBJECT ADDED ENTRY--TOPICAL TERM (OCLC, RLIN)
Topical term or geographic name as entry element PROPERTY-RESIDENTIAL PROPERTY-RESIDENTIAL PROPERTY DEVELOPMENT
856 40 - ELECTRONIC LOCATION AND ACCESS
Uniform Resource Identifier <a href="https://www.communities.gov.uk/index.asp?id=1163304">https://www.communities.gov.uk/index.asp?id=1163304</a>
Public note View the statistics free of charge at www.dclg.gov.uk...
942 ## - ADDED ENTRY ELEMENTS (KOHA)
Suppress in OPAC 0
Holdings
Withdrawn status Lost status Source of classification or shelving scheme Damaged status Not for loan Home library Current library Shelving location Date acquired Total Checkouts Full call number Barcode Date last seen Copy number Price effective from Koha item type
    Dewey Decimal Classification     Virtual Virtual Online 13/02/2006   ONLINE PUBLICATION 132477-2001 06/08/2019 1 06/08/2019 Book